| 000 | 02144nam0a2200385 4500 | ||
|---|---|---|---|
| 001 | RU\NLR\bibl\798485 | ||
| 005 | 20250614124904.0 | ||
| 010 |
_a5-9579-0030-3 _bв обл. _92000 |
||
| 021 |
_aRU _b2004-46744 _92309 |
||
| 035 | _aRSL-KNO-002456245 | ||
| 035 | _a(NLR Aleph) 000787675 | ||
| 090 |
_a1101815 _c1101815 |
||
| 100 | _a20040804d2004 |||y0rusy50 ca | ||
| 101 | 1 |
_arus _ceng |
|
| 102 | _aRU | ||
| 105 | _aa ||||||||| | ||
| 106 | _ar | ||
| 200 | 1 |
_aПрограммирование Microsoft Outlook _eускор. курс для пользователей, разработчиков и систем. администраторов _fСью Мошер _g[пер. с англ. В.И. Король] |
|
| 210 |
_aМ. _cКудиц-Образ _d2004 _eЩербин. тип. |
||
| 215 |
_a592 с. _cил. _d21 |
||
| 300 | _aПредм. указ.: с. 572-592 | ||
| 606 | 1 |
_aMICROSOFT OUTLOOK 2002, пакет прикладных программ _xПрограммирование _92309996 _3RU\NLR\auth\661382544 |
|
| 610 | 0 | _aВычислительная техника -- Вычислительные машины электронные цифровые -- Персональные компьютеры -- Программирование -- Пакеты прикладных программ -- Пособие для специалистов | |
| 610 | 0 | _aВычислительная техника -- Вычислительные машины электронные цифровые -- Автоматическая обработка информации -- Информационные системы и сети -- Теория -- Передача и обработка информации -- Пособие для специалистов | |
| 610 | 0 | _aинформация - управление | |
| 686 |
_aЗ973.26-018.2,07 _2rubbk |
||
| 686 |
_aЗ973.233.02-013,07 _2rubbk |
||
| 686 | _aЗ988.02-04 | ||
| 700 | 1 |
_aМошер _bС. _gСью _4070 |
|
| 801 | 0 |
_aRU _bRuMoRKP _c20040804 _grcr |
|
| 801 | 1 |
_aRU _bRuMoRGB _c20040804 |
|
| 801 | 2 |
_aRU _bNLR _c20050513 _gPSBO |
|
| 942 | _cBOOK | ||
| 980 | _aNB | ||